| 000 | 00416 a2200157 4500 | ||
|---|---|---|---|
| 999 |
_c6728 _d6728 |
||
| 020 | _a8174731784 | ||
| 050 | _aR 121 GUP 2002 | ||
| 100 |
_aGupta, L. C _eauthor |
||
| 245 |
_aNew concise medical dictionary/ _cL.C. Gupta |
||
| 264 |
_aNew Delhi : _bAITBS Publishers _c2002 |
||
| 300 |
_a1143p.: _bill |
||
| 500 | _aText | ||
| 650 | _aMedicine -- Dictionaries. | ||
| 650 | _aMedicine. | ||
| 942 |
_2lcc _cBK _h121 _iGUP _kR |
||